| 000 | 02107cam a22005294i 4500 | ||
|---|---|---|---|
| 003 | PE-LiUPU | ||
| 005 | 20250731180157.0 | ||
| 008 | 150616s1996 pe rb 000 0 spa d | ||
| 035 | _a(Sirsi) a9998 | ||
| 040 |
_aPE-LiUPU _bspa _cPE-LiUPU _dPE-LiUPU _erda |
||
| 049 | _aPRUA | ||
| 082 | 0 | 4 |
_a513.93 _bA39 _221 |
| 100 | 1 |
_aAliaga Valdez, Carlos, _d1949-, _eautor. |
|
| 245 | 1 | 0 |
_aAplicaciones prácticas de matemática financiera : _b603 problemas resueltos / _cCarlos Aliaga Valdez. |
| 264 | 1 |
_aLima : _bUniversidad del Pacífico, _c1996. |
|
| 300 |
_a348 páginas ; _c21 centímetros. |
||
| 336 |
_atext _2rdacontent |
||
| 337 |
_aunmediated _2rdamedia |
||
| 338 |
_avolume _2rdacarrier |
||
| 490 | 0 |
_aApuntes de Estudio ; _v27 |
|
| 504 | _aBibliografía: páginas 349-352. | ||
| 505 | 0 | _aNociones fundamentales -- Interés simple -- Interés compuesto -- Descuento -- Tasas utilizadas en el sistema financiero -- Anualidades vencidas -- Anualidades anticipadas -- Anualidades diferidas -- Rentas perpetuas -- Anualidades generales -- Factores múltiples -- Gradientes -- Fondos de amortización -- Amortización -- Depreciación -- Revisión -- Bibliografía. | |
| 526 | _aSEG44 | ||
| 526 | _aSEG26 | ||
| 526 | _aP159 | ||
| 526 | _aP155 | ||
| 526 | _aP154 | ||
| 526 | _aP153 | ||
| 526 | _aP150 | ||
| 526 | _aP100 | ||
| 526 | _aP31 | ||
| 526 | _aP30 | ||
| 526 | _aP26 | ||
| 526 | _aP25 | ||
| 526 | _aP24 | ||
| 526 | _aP22 | ||
| 526 | _aP15 | ||
| 526 | _aP10 | ||
| 650 | 1 | 4 |
_aMatemáticas financieras. _94730 |
| 910 |
_ajck _bjvq _cjck |
||
| 942 |
_2ddc _cBOOK |
||
| 949 |
_a513.93 A39 _wDEWEY _c1 _i43537 _lCCODEBUL1 _mBUL _p00.00 _r0 _sY _tBOOK _u19971210 _xFCE _zUNKNOWN _0COMPRA _o.STAFF. Colección Ciencias Empresariales |
||
| 994 |
_aC0 _bPEPRU |
||
| 596 | _a1 | ||
| 999 |
_a513.93 A39 _wDEWEY _c61511 _i43537 _d61511 _e2019-10-14 _f2021-11-5 _g7 _lCCODEBUL1 _mBUL _n15 _p26.39 _q1 _r0 _sY _tBOOK _u2015-6-16 _xBIBLIOTECA _PP08 _0COMPRA _o.STAFF. Colección Ciencias Empresariales |
||
| 980 |
_81 _gALBERTO SANCHEZ Responsable de Automatización |
||